000
00253 a2200133 4500
001
194782
040
_c
Magnum
100
_a
Pompéia, Raul
240
1
0
_a
O Ateneu
_l
245
1
0
_a
O Ateneu
300
_a
93
697
_a
LITERATURA GERAL
942
_c
BK
999
_c
194782
_d
194782